Missing Word: 'T' in Television Quiz Stats

 Plays Quiz Updated May 28, 2016

Challenge
Share
Tweet
Embed
Score 0/20 Timer 02:00
1 Play Today
Show Missing Word % Correct
Teenage Mutant _____ TurtlesNinja
98.7%
Two and a _____ MenHalf
97.8%
Tic-_____-DoughTac
97%
That '70s _____Show
96.4%
Touched by an _____Angel
96.1%
Three's _____Company
95.6%
Twin _____Peaks
88.7%
Tales from the _____Crypt
83.4%
This Old _____House
83%
That's So _____Raven
79.5%
Show Missing Word % Correct
T.J. _____Hooker
74.4%
Trapper _____, M.D.John
71.1%
Two Guys and a _____Girl
67%
Teen _____Wolf
64.5%
Top _____Gear
63.2%
Truth or _____Consequences
59.6%
Terminator: The Sarah _____ ChroniclesConnor
57.9%
True _____Detective
52.2%
That's _____!Incredible
42.2%
Tru _____Calling
17.4%

Today's Daily Dose

Missing Word
Entertainment 'M'

Word Ladder
North Carolina

On This Day
January 16th II

You're not logged in!

Compare scores with friends on all Sporcle quizzes.
OR
Log In

You Might Also Like...

Show Comments

Extras

Top Quizzes Today


Score Distribution

Your Account Isn't Verified!

In order to create a playlist on Sporcle, you need to verify the email address you used during registration. Go to your Sporcle Settings to finish the process.

Report this User

Report this user for behavior that violates our Community Guidelines.

Details: